000
00306nam a22001337a 4500
020
_a
0-907567-52-5
041
_a
ENG
100
_a
Biswas.A.K
245
_a
Long Distance Water Transfer
260
_a
Beijing
_b
United Nations University
_c
1990
300
_a
417
650
_a
IDE ( 05 )
856
_u
IDE ( 05 )
999
_c
2779
_d
2779